000 00468nam a2200181Ia 4500
001 11236
005 20260306161931.0
008 260306t2014||||xx |||||||||||||| ||spa||
041 _aESP
082 _a985.019
_bS55 T. 2
100 _aSilverman, Gail P.
_eAUT
245 0 _aLos signos del imperio. Leyendo la túnica Inca de Dumbarton Oaks
260 _c2014
300 _a169 páginas :
_c24 cm.
650 _aGEN
654 _aCHU
942 _cLIB
_dJUS
_fJUS
_2ddc
_n
999 _c11236
_d11236